|
|
|
|
| LEADER |
03269nam a2200721 a 4500 |
| 001 |
nkc20132508799 |
| 003 |
CZ PrNK |
| 005 |
20210313181258.0 |
| 007 |
ta |
| 008 |
131023s2013 xr aceff 000 0dcze |
| 015 |
|
|
|a cnb002508799
|
| 020 |
|
|
|a 978-80-7325-315-8
|q (brož.) :
|c Kč 269,00
|
| 035 |
|
|
|a (OCoLC)864849380
|
| 040 |
|
|
|a OLA001
|b cze
|d ABA001
|
| 041 |
0 |
|
|a cze
|b eng
|
| 043 |
|
|
|a e-xr---
|b e-xr-ol
|2 czenas
|
| 045 |
|
|
|a r-y-
|
| 072 |
|
7 |
|a 27
|x Křesťanství. Křesťanská církev všeobecně. Eklesiologie
|2 Konspekt
|9 5
|
| 080 |
|
|
|a 272-774
|2 MRF
|
| 080 |
|
|
|a 27-7
|2 MRF
|
| 080 |
|
|
|a 27-4
|2 MRF
|
| 080 |
|
|
|a 726.54:272
|2 MRF
|
| 080 |
|
|
|a 27-662:3
|2 MRF
|
| 080 |
|
|
|a 725.94
|2 MRF
|
| 080 |
|
|
|a 2-6
|2 MRF
|
| 080 |
|
|
|a (437.325)
|2 MRF
|
| 080 |
|
|
|a (048.8)
|2 MRF
|
| 100 |
1 |
|
|a Balík, Stanislav,
|d 1978-
|7 jn20010309401
|4 aut
|
| 245 |
1 |
0 |
|a Pozdvihni se duše z prachu :
|b příběh bludovské farnosti sv. Jiří /
|c Stanislav Balík
|
| 246 |
3 |
0 |
|a Příběh bludovské farnosti sv. Jiří
|
| 250 |
|
|
|a 1. vyd.
|
| 260 |
|
|
|a Brno :
|b Centrum pro studium demokracie a kultury (CDK),
|c 2013
|
| 300 |
|
|
|a 271 s., xx s. obr. příl. :
|b il. (převážně barev.), portréty, plány, faksim. ;
|c 20 cm
|
| 490 |
1 |
|
|a Historia ecclesiastica ;
|v sv. č. 16
|
| 504 |
|
|
|a Obsahuje bibliografii a bibliografické odkazy
|
| 546 |
|
|
|a Anglické resumé
|
| 610 |
2 |
7 |
|a Katolická církev.
|b Farní úřad (Bludov, Šumperk, Česko)
|7 mzk2013795052
|2 czenas
|
| 610 |
2 |
7 |
|a Kostel sv. Jiří (Bludov, Šumperk, Česko)
|7 kn20131122005
|2 czenas
|
| 648 |
|
7 |
|a 14.-21. století
|7 ch757053
|2 czenas
|
| 650 |
0 |
7 |
|a katolické farnosti
|7 ph114894
|z Česko
|y 14.-21. století
|2 czenas
|
| 650 |
0 |
7 |
|a církevní správa
|7 ph232635
|z Česko
|y 14.-21. století
|2 czenas
|
| 650 |
0 |
7 |
|a církevní život
|7 ph119306
|z Česko
|y 14.-21. století
|2 czenas
|
| 650 |
0 |
7 |
|a křesťanství a společnost
|7 ph138510
|z Česko
|y 14.-21. století
|2 czenas
|
| 650 |
0 |
7 |
|a katolické kostely
|7 ph114895
|z Česko
|y 14.-21. století
|2 czenas
|
| 650 |
0 |
7 |
|a drobná architektura
|7 ph134695
|z Česko
|y 14.-21. století
|2 czenas
|
| 650 |
0 |
9 |
|a Catholic parishes
|z Czechia
|y 14th-21st centuries
|2 eczenas
|
| 650 |
0 |
9 |
|a administration and management of the church
|z Czechia
|y 14th-21st centuries
|2 eczenas
|
| 650 |
0 |
9 |
|a church life
|z Czechia
|y 14th-21st centuries
|2 eczenas
|
| 650 |
0 |
9 |
|a Christianity and civilization
|z Czechia
|y 14th-21st centuries
|2 eczenas
|
| 650 |
0 |
9 |
|a Catholic churches
|z Czechia
|y 14th-21st centuries
|2 eczenas
|
| 650 |
0 |
9 |
|a small architecture
|z Czechia
|y 14th-21st centuries
|2 eczenas
|
| 651 |
|
7 |
|a Bludov (Šumperk, Česko)
|7 ge128774
|x náboženské poměry
|y 14.-21. století
|2 czenas
|
| 651 |
|
9 |
|a Bludov (Šumperk, Czechia)
|x religious conditions
|y 14th-21st centuries
|2 eczenas
|
| 655 |
|
7 |
|a monografie
|7 fd132842
|2 czenas
|
| 655 |
|
9 |
|a monographs
|2 eczenas
|
| 830 |
|
0 |
|a Historia ecclesiastica
|0 s
|
| 910 |
2 |
|
|a BOA001
|b 2-1312.482
|
| 928 |
9 |
|
|a CDK (Centrum pro studium demokracie a kultury)
|
| 990 |
|
|
|a BK
|
| 995 |
|
|
|a 01
|
| 991 |
|
|
|b 201311
|c NOV
|j 27 BAL
|e n
|
| 996 |
6 |
|
|b 2610568713
|c 2-1312.482
|l MZK
|r Sklad / do 1 hodiny
|n 0
|p p.v.
|w 001379256
|u 000010
|a 1
|e BOA001
|j MZK50
|s P
|
| 996 |
7 |
|
|b 2610568714
|c 2-1312.482
|l MZK
|r Sklad / do 1 hodiny
|n 4
|p p.v.
|w 001379256
|u 000020
|a 1
|e BOA001
|j MZK50
|s A
|